| 000 -LEADER |
| fixed length control field |
00703cam a2200193 i 4500 |
| 003 - CONTROL NUMBER IDENTIFIER |
| control field |
OSt |
| 005 - DATE AND TIME OF LATEST TRANSACTION |
| control field |
20200521132834.0 |
| 008 - FIXED-LENGTH DATA ELEMENTS--GENERAL INFORMATION |
| fixed length control field |
171101s2018 nyua b 001 0 eng |
| 020 ## - INTERNATIONAL STANDARD BOOK NUMBER |
| International Standard Book Number |
9781138055988 (pbk. : alk. paper) |
| 082 00 - DEWEY DECIMAL CLASSIFICATION NUMBER |
| Classification number |
720.72NIE |
| Edition number |
23 |
| 100 1# - MAIN ENTRY--PERSONAL NAME |
| Personal name |
Niezabitowska, Elżbieta, |
| Relator term |
author. |
| 240 10 - UNIFORM TITLE |
| Uniform title |
<a href="Metody i techniki badawcze w architekturze.">Metody i techniki badawcze w architekturze.</a> |
| Language of a work |
English |
| 245 10 - TITLE STATEMENT |
| Title |
Research methods and techniques in architecture / |
| Statement of responsibility, etc |
Elzbieta Niezabitowska. |
| 300 ## - PHYSICAL DESCRIPTION |
| Extent |
xix, 530 pages : |
| Other physical details |
ill. ; |
| Dimensions |
24 cm. |
| 504 ## - BIBLIOGRAPHY, ETC. NOTE |
| Bibliography, etc |
Includes bibliographical references and indexes. |
| 650 #0 - SUBJECT ADDED ENTRY--TOPICAL TERM |
| Topical term or geographic name as entry element |
Architecture |
| General subdivision |
Research. |
| 700 1# - ADDED ENTRY--PERSONAL NAME |
| Personal name |
Niezabitowska, Elżbieta. |
| Title of a work |
Metody i techniki badawcze w architekturze. |
| 942 ## - ADDED ENTRY ELEMENTS (KOHA) |
| Source of classification or shelving scheme |
|